000 00559nam a2200205 i 4500
001 C2-0300430
003 PPAK
005 20180728081939.0
008 091105s1977 io |||| ||||| | may d
040 _aPPAK
_beng
_cPPAK
_erda
082 0 4 _a499.221
_223
090 0 0 _a499.221
_bHAS
_dKIH
245 0 0 _aHasil perumusan seminar
264 1 _aIndonesia :
_bPusat Pembinaan dan Pengembangan Bahasa ,
_c1977
300 _a48 pages ;
_c22 cm
336 _2rdacontent
_atext
337 _2rdamedia
_aunmediated
338 _2rdacarrier
_avolume
942 _ddc
_cB
999 _c104317
_d104317